zpět

Detail výsledku týmu

Restaurace Ostrov, Písek

Datum a čas kvízu

30 Celkem bodů Celkový počet nahraných bodů na tomto kvízu bez doplňovacích otázek.
5. Pořadí na kvízu Konečné umístění týmu na tomto kvízu.

Zaznamenané odpovědi

# Otázka Odpověď Body Výsledky
1. Jak se jmenuje bývalý vrcholný... Jan Hamáček 1
2. Ve kterém německém městě se mi... v Mnichově 1
3. Jak se nazývá oblíbený komiks,... Čtyřlístek 1
4. Minulý týden vydal Český stati... A 1
5. Který norský sportovec získal... Johannes Bö 1
6. Obec s nejdelším názvem v Česk... A 1
7. Česká republika se dělí na 14... Karlovy Vary, Jihlava 1
8. Nejníže položené sídlo v České... Hřensko 1
9. V této otázce bude potřeba k z... 1D 2C 3B 4A 0
10. V České republice jsou čtyři ú... NP Šumava 1